000 00586nam a2200193Ia 4500
008 100315s9999 xx 000 0 und d
040 _cENGLISH 
082 _b2117 
_a658.15 
100 _a"KUCHHAL, S. C. "
245 _aFinancial Management: an analytical and conceptual approach
260 _c1986 
300 _a"XV,562P  "
365 _eAus.Sch. 
_d
_b70.00 
366 _f
530 _b-  
630 _aFinancial Management: an analytical and conceptual approach
730 _aFinancial Management: an analytical and conceptual approach
942 _cBOOK
999 _c476852
_d476849